IRD QUIZ: A to Z Quiz # 1 - Statistics

General Stats
  • This quiz has been taken 14 times
    5 since last reset
  • The average score is 18 of 26
Answer Stats
Question Answer % Correct
A Which singer released the albums '19', '21', ‘25’ and ‘30’? Adele
100%
D What was the name of the elephant in 1940 animated film of the same name? Dumbo
100%
E Under which stage name does the rapper Marshall Mathers usually perform? Eminem
100%
F The film 'The Social Network' depicts the creation of which website by Mark Zuckerberg? Facebook
100%
K What is the capital of Afghanistan? Kabul
100%
N Which element has the chemical symbol 'N'? Nitrogen
100%
O Desdemona and Iago are characters in which Shakespeare play? Othello
100%
Q Freddie Mercury was the lead singer of which rock group, until his death in 1991? Queen
100%
X Which musical instrument takes its name from the Greek words for 'wood' and 'sound'? Xylophone
100%
Y Belgrade was the capital of which country from 1918 to its dissolution in 2006. Yugoslavia
100%
C Which island was the birthplace of Napoleon Bonaparte in 1769? Corsica
75%
I Boise (pronounced boy-zee) is the state capital of which U.S. state? Idaho
75%
J Which 1975 Spielberg film was set in the fictional town of Amity Beach, New England? Jaws
75%
R Which European city is home to Erasmus University? Rotterdam
75%
U In which western film did Clint Eastwood play a character called William Munny? Unforgiven
75%
V Which volcano's eruption destroyed the Ancient cities of Pompeii and Herculaneum? Vesuvius
75%
W With which song did Abba win the 1974 Eurovision Song Contest? Waterloo
75%
Z Lusaka is the capital of which country? Zambia
75%
P In Greek Mythology, whose elopement with Helen of Troy caused the Trojan War? Paris
50%
T Which rock opera featured a "deaf, dumb and blind kid" who was a 'pinball wizard'? Tommy
50%
B Which 1988 movie starred Tom Hanks as a 12 year-old boy in an adult man's body? Big
25%
G Which deity in Hinduism is depicted as having the head of an elephant? Ganesha
25%
H Horses’ heights are sometimes measured using which traditional units of measurement? Hands
25%
M 'Erotica', 'Bedtime Stories' and 'Ray of Light' were 1990s albums from which singer? Madonna
25%
S Which was the first James Bond film to win the Oscar for Best Song? Skyfall
25%
L What word is used to describe a hare that is under one year old? Leveret
0%
No matching quizzes found
Score Distribution
Percent of People with Each Score
Percentile by Number Answered
Your Score History
You have not taken this quiz since the last reset